000 00888nas a2200289 4500
001 BR9902866
003 BR-BrBNA
005 20231205101435.0
007 ta
008 230509b bl.|||p| |||| 00| 00por d
040 _aBR-BrBNA
_bpor
_cBiblioteca Nacional de Agricultura
041 _a(Pt)
072 _aL73; L70
100 1 _aMathias, L.A.
100 1 _aChaves, L.F.
100 1 _aGirio, R.J.S.
100 1 _aFava, C.D.
245 1 _aAvaliacao de um teste imunoenzimatico competitivo no diagnostico sorologico da brucelose em bufalos (Bubalus bubalis)
650 _aBufalo
650 _aBrucelose
650 _aAtividade Enzimica
650 _aDiagnostico
650 _aSoro
773 0 _tPesquisa Veterinaria Brasileira (Brazil)
_xISSN 0100-736X
_g(Jul-Dec 1998), v. 18(3-4) p. 111-114
_wBR9902866
909 _a202311
_bLúcia
_c55
_dLúcia Elande
942 _2AGRIS
_n0
_cANA
999 _c161857
_d161857